01964nam a22002057a 450000500170000000800410001702000180005804000070007604100080008308200160009110000190010724500220012626000380014830000270018636500560021352114180026965000220168765000230170970000260173220251206112610.0220903b ||||| |||| 00| 0 eng d a9788125040118 cAL aeng a820.9bSWIG aJonathan Swift aGullivers travels aHyderabadbOrient Blackswanc2013 axxiv,160pbPBc21x14cm 2Englsiha3496b152.00c₹d195.00e22%f09-08-2022 a‘Gulliver’s Travels’ by Jonathan Swift is a classic for all times. This particular edition of the book is part of the series, Orient BlackSwan Abridged Texts, which is a set of abridged classics each with a detailed introduction and also glossaries, chapter summaries and questions. These abridged versions are abridged for length only. No attempt has been made to modify or alter the language of the original. The work is therefore presented to the reader with the literary quality and flavour of the original intact. The abridgement is designed to help the reader move on to the full-length version with interest and confidence. Each edition in this series thus introduces the student to works which have become classics and which have provided pleasurable reading to generations of readers. The series is an attempt to answer the need for texts to supplement courses in reading, comprehension and literary appreciation. The introduction contains notes on the life of the author, the socio-historical background of the work, important themes and motifs of the work, studies of character and important language and style aspects of the work. The summaries and glossaries are intended to help the student improve his or her language skills other than understanding the text. The questions provided at the end of the book that can be used in a classroom for discussion and study and also for examinations. aEnglish Criticism aEnglish Literature aSrinivasan, Seetha Ed